000 01151cam a22002174a 4500
005 20250605164252.0
008 250528s ||||||||||||||||||||||||d
035 _a21800
020 _a978960218750
040 _aGR-AtMCL
_bgre
_dGR-AtMCL
_eAACR2
245 1 _aΕΙΣΑΓΩΓΗ ΣΤΗΝ ΚΟΙΝΩΝΙΚΗ ΕΡΕΥΝΑ
250 _a1
260 _bΚριτική,
_c2011
300 _a807
505 0 _aΚΟΙΝΩΝΙΚΕΣ ΕΠΙΣΤΗΜΕΣ ΕΡΕΥΝΑ ΜΕΘΟΔΟΛΟΓΙΑ ΘΕΩΡΙΑ ΣΧΕΔΙΑΣΜΟΣ ΕΡΕΥΝΑΣ ΔΕΙΓΜΑΤΟΛΗΨΙΑ ΚΟΙΝΩΝΙΚΑ ΠΕΙΡΑΜΑΤΑ ΑΞΙΟΛΟΓΗΣΗ ΑΝΑΛΥΣΗ ΠΟΙΟΤΙΚΩΝ ΔΕΔΟΜΕΝΩΝ ΑΝΑΛΥΣΗ ΠΟΣΟΤΙΚΩΝ ΔΕΔΟΜΕΝΩΝ
520 _aΚΟΙΝΩΝΙΚΕΣ ΕΠΙΣΤΗΜΕΣ ΕΡΕΥΝΑ ΜΕΘΟΔΟΛΟΓΙΑ ΘΕΩΡΙΑ ΣΧΕΔΙΑΣΜΟΣ ΕΡΕΥΝΑΣ ΔΕΙΓΜΑΤΟΛΗΨΙΑ ΚΟΙΝΩΝΙΚΑ ΠΕΙΡΑΜΑΤΑ ΑΞΙΟΛΟΓΗΣΗ ΑΝΑΛΥΣΗ ΠΟΙΟΤΙΚΩΝ ΔΕΔΟΜΕΝΩΝ ΑΝΑΛΥΣΗ ΠΟΣΟΤΙΚΩΝ ΔΕΔΟΜΕΝΩΝ
700 1 _aBabbie Earl
_97428
942 _cBK
999 _c6859
_d6859